Obras selectas. (Record no. 177121)

MARC details
000 -LEADER
campo de control de longitud fija 00938nam a2200217 i 4500
001 - NÚMERO DE CONTROL
campo de control 177121
003 - IDENTIFICADOR DE NÚMERO DE CONTROL
campo de control ES-MaACL
005 - FECHA Y HORA DE LA ÚLTIMA TRANSACCIÓN
campo de control 20250808062830.0
008 - DATOS DE LONGITUD FIJA--INFORMACIÓN GENERAL
campo de control de longitud fija 110304s2010 sp |||| | spa d
020 ## - NÚMERO INTERNACIONAL ESTÁNDAR DEL LIBRO
Número Internacional Estándar del Libro 978-84-220-1506-2
080 ## - NÚMERO DE LA CLASIFICACIÓN DECIMAL UNIVERSAL
Número de la Clasificación Decimal Universal 24(081) Francisco de Sales, Santo
100 0# - ENTRADA PRINCIPAL--NOMBRE DE PERSONA
Nombre de persona Francisco de Sales
Títulos y otros términos asociados al nombre Santo.
9 (RLIN) 52194
245 10 - MENCIÓN DEL TÍTULO
Título Obras selectas.
Número de parte o sección de la obra I,
Nombre de parte o sección de la obra Introducción a la vida devota ; Sermones escogidos ; Conversaciones espirituales /
Mención de responsabilidad, etc. San Francisco de Sales ; texto preparado por Eugenio Alburquerque Frutos, sobre la edición típica de las "Obras completas" de Annecy (segunda edición).
260 ## - PUBLICACIÓN, DISTRIBUCIÓN, ETC.
Lugar de publicación, distribución, etc. Madrid :
Nombre del editor, distribuidor, etc. Biblioteca de Autores Cristianos,
Fecha de publicación, distribución, etc. 2010.
300 ## - DESCRIPCIÓN FÍSICA
Extensión XXXIV, 852 p. :
Otras características físicas il. ;
Dimensiones 20 cm.
490 1# - MENCIÓN DE SERIE
Mención de serie Biblioteca de autores cristianos ;
Designación de volumen o secuencia 695
700 1# - ENTRADA AGREGADA--NOMBRE PERSONAL
Nombre de persona Alburquerque, Eugenio.
9 (RLIN) 145465
830 00 - PUNTO DE ACCESO ADICIONAL DE SERIE-TÍTULO UNIFORME
Título uniforme Biblioteca de autores cristianos
Designación de volumen o secuencia 695
9 (RLIN) 178679
852 ## - LOCALIZACIÓN
Ubicación ES-MaACL
Número de control de estantería J-683
Holdings
Estatus retirado Estado de pérdida Estado de daño No para préstamo Biblioteca de origen Biblioteca actual Ubicación en estantería Fecha de adquisición Fuente de adquisición Total de préstamos Signatura topográfica completa Código de barras Visto por última vez Precio de reemplazo Tipo de ítem Koha
        Biblioteca del Ateneo de Madrid Biblioteca del Ateneo de Madrid Depósito 2 04/03/2011     J-683 1186034 23/02/2023 23/02/2023 Libro impreso